<?xml version="1.0" encoding="UTF-8"?>
<record
    xmlns:xsi="http://www.w3.org/2001/XMLSchema-instance"
    xsi:schemaLocation="http://www.loc.gov/MARC21/slim http://www.loc.gov/standards/marcxml/schema/MARC21slim.xsd"
    xmlns="http://www.loc.gov/MARC21/slim">

  <leader>02148agaaa2200325   4500</leader>
  <controlfield tag="001">5950</controlfield>
  <controlfield tag="003">IT-RoPAU</controlfield>
  <controlfield tag="005">20220918181252.0</controlfield>
  <controlfield tag="007">d cvaizq</controlfield>
  <controlfield tag="008">50131s9999||||xx ||| |     ||   ||und||</controlfield>
  <datafield tag="040" ind1=" " ind2=" ">
    <subfield code="a">IT-RoPAU</subfield>
    <subfield code="c">IT-RoPAU</subfield>
  </datafield>
  <datafield tag="041" ind1=" " ind2=" ">
    <subfield code="a">ITALIANO</subfield>
  </datafield>
  <datafield tag="100" ind1=" " ind2=" ">
    <subfield code="a">Monicelli Mario</subfield>
    <subfield code="g">Codice regista SPICS: 3641</subfield>
    <subfield code="9">49581</subfield>
  </datafield>
  <datafield tag="130" ind1=" " ind2=" ">
    <subfield code="a">SOLITI IGNOTI (I)</subfield>
    <subfield code="9">49582</subfield>
  </datafield>
  <datafield tag="245" ind1=" " ind2=" ">
    <subfield code="a">SOLITI IGNOTI (I)</subfield>
    <subfield code="c">Prodotto da: Cristaldi Franco -- Sceneggiatura: Cecchi D'Amico Suso Monicelli Mario -- Diretto da: Monicelli Mario</subfield>
    <subfield code="p">SOLITI IGNOTI (I) (Rif. Codice opera principale : H5950)</subfield>
  </datafield>
  <datafield tag="250" ind1=" " ind2=" ">
    <subfield code="a">Edizione Standard</subfield>
  </datafield>
  <datafield tag="260" ind1=" " ind2=" ">
    <subfield code="a">(ITALIA)</subfield>
    <subfield code="b">LUX FILM - VIDES / Distribuzione: IL MESSAGGERO</subfield>
    <subfield code="g">"1958 (1&#xB0; ed.: 2005 ; Ed. Lingua Orig.: 1958)"</subfield>
  </datafield>
  <datafield tag="300" ind1=" " ind2=" ">
    <subfield code="a">DVD</subfield>
    <subfield code="b">sonoro, col.</subfield>
    <subfield code="c">102 minuti</subfield>
  </datafield>
  <datafield tag="508" ind1=" " ind2=" ">
    <subfield code="a">"Fotografia: Di Venanzo Gianni; Montaggio: Novelli Adriana; Musica: Umiliani Piero; Sceneggiatura: Cecchi D'Amico Suso Monicelli Mario; Scenografia: Gherardi Piero; Soggetto: Age (Incrocci Agenore) -- Scarpelli Furio"</subfield>
  </datafield>
  <datafield tag="511" ind1=" " ind2=" ">
    <subfield code="a">"Gassman Vittorio; Mastroianni Marcello; Toto'; Cardinale Claudia; Salvatori Renato"</subfield>
  </datafield>
  <datafield tag="520" ind1=" " ind2=" ">
    <subfield code="a">UNA BANDA DI LADRI TOTALMENTE INCAPACI, RIESCE AD AVERE LA SOFFIATA DI UN COLPO SICURO AL MONTE DI PIETA'. VANNO A LEZIONE DA UNO SCASSINATORE IN PENSIONE, MA FINIRANNO ANZICHE' NELLA STANZA DELLA CASSAFORTE, NELLA CUCINA DELL'APPARTAMENTO ADIACENTE DOVE SI CONSOLERANNO CON UN PIATTO DI PASTA E CECI. NASTRO D'ARGENTO PER LA MIGLIORE SCENEGGIATURA E MIGLIORE ATTORE A VITTORIO GASSMAN. RITRATTO TENERO E ALLEGRO DELLA POVERA ITALIA DEL DOPOGUERRA. E' RITENUTO IL CAPOLAVORO DI MARIO MONICELLI E DELLA GRANDE COMMEDIA ALL'ITALIANA.</subfield>
  </datafield>
  <datafield tag="538" ind1=" " ind2=" ">
    <subfield code="a">PAL, STEREO</subfield>
  </datafield>
  <datafield tag="546" ind1=" " ind2=" ">
    <subfield code="a">ITALIANO</subfield>
  </datafield>
  <datafield tag="650" ind1=" " ind2=" ">
    <subfield code="a">COMMEDIA SATIRA</subfield>
    <subfield code="e">DVD-FILM [DVD]</subfield>
    <subfield code="x">Codice MATERIA SPICS: 9947</subfield>
    <subfield code="9">49583</subfield>
  </datafield>
  <datafield tag="700" ind1=" " ind2=" ">
    <subfield code="a">Age (Incrocci Agenore) </subfield>
    <subfield code="e">(soggetto)</subfield>
    <subfield code="g">Codice Soggetto SPICS: 10070</subfield>
    <subfield code="9">49584</subfield>
  </datafield>
  <datafield tag="700" ind1=" " ind2=" ">
    <subfield code="a">Monicelli Mario </subfield>
    <subfield code="e">(regista)</subfield>
    <subfield code="g">Codice regista SPICS: 3641</subfield>
    <subfield code="9">49585</subfield>
  </datafield>
  <datafield tag="700" ind1=" " ind2=" ">
    <subfield code="a">Scarpelli Furio </subfield>
    <subfield code="e">(soggetto)</subfield>
    <subfield code="g">Codice Soggetto 2&#xB0; SPICS: 1529</subfield>
    <subfield code="9">49586</subfield>
  </datafield>
  <datafield tag="700" ind1=" " ind2=" ">
    <subfield code="a">Umiliani Piero</subfield>
    <subfield code="e">(musica)</subfield>
    <subfield code="g">Codice Musica SPICS: 13761</subfield>
    <subfield code="9">49587</subfield>
  </datafield>
  <datafield tag="942" ind1=" " ind2=" ">
    <subfield code="c">DV</subfield>
    <subfield code="2">ddc</subfield>
  </datafield>
  <datafield tag="999" ind1=" " ind2=" ">
    <subfield code="c">106945</subfield>
    <subfield code="d">106945</subfield>
  </datafield>
  <datafield tag="952" ind1=" " ind2=" ">
    <subfield code="0">0</subfield>
    <subfield code="1">0</subfield>
    <subfield code="4">0</subfield>
    <subfield code="6">H_5950_000000000000000</subfield>
    <subfield code="7">1</subfield>
    <subfield code="a">SPICS</subfield>
    <subfield code="b">SPICS</subfield>
    <subfield code="d">2015-01-31</subfield>
    <subfield code="l">0</subfield>
    <subfield code="o">H5950</subfield>
    <subfield code="r">2015-01-31 00:00:00</subfield>
    <subfield code="w">2015-01-31</subfield>
    <subfield code="y">DV</subfield>
    <subfield code="z">Progr. Ins.: 3355 / N.Vol.:1 / Copie: 1 / Pag.:0 / Copia rara: n.d. / date import: 1.2.2015 / By Epidotti, Trombetti, Vaglietti</subfield>
  </datafield>
</record>
